<?xml version="1.0" encoding="UTF-8"?>
<record
    xmlns:xsi="http://www.w3.org/2001/XMLSchema-instance"
    xsi:schemaLocation="http://www.loc.gov/MARC21/slim http://www.loc.gov/standards/marcxml/schema/MARC21slim.xsd"
    xmlns="http://www.loc.gov/MARC21/slim">

  <leader>01596cam a2200325 i 4500</leader>
  <datafield tag="999" ind1=" " ind2=" ">
    <subfield code="c">7860</subfield>
    <subfield code="d">7860</subfield>
  </datafield>
  <controlfield tag="001">991060886073606706</controlfield>
  <controlfield tag="003">OSt</controlfield>
  <controlfield tag="005">20240215161919.0</controlfield>
  <controlfield tag="008">221123s2022    spc|||  |||| o|0000dcat  </controlfield>
  <datafield tag="017" ind1=" " ind2=" ">
    <subfield code="a">DL B 7886-2022</subfield>
    <subfield code="b">Biblioteca de Catalunya</subfield>
  </datafield>
  <datafield tag="040" ind1=" " ind2=" ">
    <subfield code="a">ES-BaBC</subfield>
    <subfield code="b">cat</subfield>
    <subfield code="e">rda</subfield>
    <subfield code="c">CDMR</subfield>
  </datafield>
  <datafield tag="041" ind1="1" ind2=" ">
    <subfield code="a">cat</subfield>
    <subfield code="a">spa</subfield>
    <subfield code="a">eng</subfield>
  </datafield>
  <datafield tag="080" ind1=" " ind2=" ">
    <subfield code="a">070:331.548</subfield>
    <subfield code="2">2004</subfield>
  </datafield>
  <datafield tag="080" ind1=" " ind2=" ">
    <subfield code="a">070.42:37.02</subfield>
    <subfield code="2">2004</subfield>
  </datafield>
  <datafield tag="245" ind1="0" ind2="0">
    <subfield code="a">Noves oportunitats i n&#xED;nxols d'ocupaci&#xF3; per a periodistes </subfield>
    <subfield code="c">/ [coordinaci&#xF3;:] Josep Llu&#xED;s Mic&#xF3; ; [autoria:] Patr&#xED;cia Coll, Alba Sabat&#xE9;, S&#xED;lvia Veh&#xED;, N&#xFA;ria Torras</subfield>
  </datafield>
  <datafield tag="264" ind1=" " ind2="1">
    <subfield code="a">Barcelona :</subfield>
    <subfield code="b">Ajuntament de Barcelona, Barcelona Activa :</subfield>
    <subfield code="b">Col&#xB7;legi de Periodistes de Catalunya,</subfield>
    <subfield code="c">2022</subfield>
  </datafield>
  <datafield tag="300" ind1=" " ind2=" ">
    <subfield code="a">58 p&#xE0;gines :</subfield>
    <subfield code="b">il&#xB7;lustracions en color ;</subfield>
    <subfield code="c">30 cm</subfield>
  </datafield>
  <datafield tag="490" ind1="1" ind2=" ">
    <subfield code="a">Col&#xB7;lecci&#xF3; Quaderns del futur del(s) treball(s) ;</subfield>
    <subfield code="v">3</subfield>
  </datafield>
  <datafield tag="500" ind1=" " ind2=" ">
    <subfield code="a">Al verso de la portada: "Aquest informe encarregat pel Col&#xB7;legi de Periodistes de Catalunya i Barcelona Activa ha estat elaborat pel grup de recerca STReaM (Society, Technology, Religion and Media), de la Facultat de Comunicaci&#xF3; i Relacions Internacionals Blanquerna (Universitat Ramon Llull), entre els mesos d&#x2019;abril i setembre de 2021"</subfield>
  </datafield>
  <datafield tag="504" ind1=" " ind2=" ">
    <subfield code="a">Bibliografia: p&#xE0;gines 57-58</subfield>
  </datafield>
  <datafield tag="650" ind1=" " ind2="7">
    <subfield code="a">Periodisme</subfield>
    <subfield code="x">Orientaci&#xF3;  professional.</subfield>
    <subfield code="2">lemac</subfield>
  </datafield>
  <datafield tag="650" ind1=" " ind2="7">
    <subfield code="a">Periodistes</subfield>
    <subfield code="x">Formaci&#xF3;.</subfield>
    <subfield code="2">lemac</subfield>
  </datafield>
  <datafield tag="700" ind1="1" ind2=" ">
    <subfield code="a">Coll, Patricia.</subfield>
  </datafield>
  <datafield tag="700" ind1="1" ind2=" ">
    <subfield code="a">Mic&#xF3;, Josep Llu&#xED;s</subfield>
    <subfield code="9">2519</subfield>
  </datafield>
  <datafield tag="830" ind1=" " ind2="0">
    <subfield code="a">Quaderns del futur del treball ;</subfield>
    <subfield code="v">3</subfield>
  </datafield>
  <datafield tag="856" ind1="4" ind2="1">
    <subfield code="z">Acc&#xE9;s lliure</subfield>
    <subfield code="u">https://omeka.periodistes.cat/items/show/652</subfield>
  </datafield>
  <datafield tag="908" ind1=" " ind2=" ">
    <subfield code="a">BC</subfield>
  </datafield>
  <datafield tag="940" ind1=" " ind2=" ">
    <subfield code="a">BC</subfield>
  </datafield>
  <datafield tag="942" ind1=" " ind2=" ">
    <subfield code="2">udc</subfield>
    <subfield code="c">MON</subfield>
  </datafield>
  <datafield tag="952" ind1=" " ind2=" ">
    <subfield code="0">0</subfield>
    <subfield code="1">0</subfield>
    <subfield code="4">0</subfield>
    <subfield code="7">0</subfield>
    <subfield code="a">CDMR</subfield>
    <subfield code="b">CDMR</subfield>
    <subfield code="d">2024-02-15</subfield>
    <subfield code="e">Donaci&#xF3;</subfield>
    <subfield code="l">0</subfield>
    <subfield code="o">Ci 7/42</subfield>
    <subfield code="p">CDMR22031267</subfield>
    <subfield code="r">2024-02-15</subfield>
    <subfield code="w">2024-02-15</subfield>
    <subfield code="y">MON</subfield>
  </datafield>
</record>
